Quản lý vùng ven biển nhiệt đới : Post-graduate training course on environmental mangement and impact assessment HaNoi, Dec.1995-Sep.1996
Việc bảo vệ và phát triển bền vững tính đa dạng sinh học của đất ngập nước mang tính chất qaun trọng về xã hội, kinh tế và môi trường. Vì vậy tài liệu trình bày những điều khoản qui định trong Công ước quốc tế Ramsar về việc quản ly...
Đã lưu trong:
| 格式: | 圖書 |
|---|---|
| 語言: | Undetermined |
| 出版: |
Hà Nội
Quản lý Môi trường II
|
| 主題: | |
| 標簽: |
添加標簽
沒有標簽, 成為第一個標記此記錄!
|
| Thư viện lưu trữ: | Trung tâm Học liệu Trường Đại học Cần Thơ |
|---|
| LEADER | 01035nam a2200181Ia 4500 | ||
|---|---|---|---|
| 001 | CTU_141762 | ||
| 008 | 210402s9999 xx 000 0 und d | ||
| 082 | |a 658.408 | ||
| 082 | |b D552 | ||
| 245 | 0 | |a Quản lý vùng ven biển nhiệt đới : | |
| 245 | 0 | |b Post-graduate training course on environmental mangement and impact assessment HaNoi, Dec.1995-Sep.1996 | |
| 245 | 0 | |c Lê Diên Dực | |
| 260 | |a Hà Nội | ||
| 260 | |b Quản lý Môi trường II | ||
| 520 | |a Việc bảo vệ và phát triển bền vững tính đa dạng sinh học của đất ngập nước mang tính chất qaun trọng về xã hội, kinh tế và môi trường. Vì vậy tài liệu trình bày những điều khoản qui định trong Công ước quốc tế Ramsar về việc quản lý vùng ven biển nhiệt đới. | ||
| 650 | |a Environmental management | ||
| 904 | |i Bạch Trúc | ||
| 980 | |a Trung tâm Học liệu Trường Đại học Cần Thơ | ||